000 01129nam a2200313 c 4500
003 BLK
005 20180420223229.0
008 180408b bul|||||r ||||||| ||bul||
010 _aKNG00068002000
020 _a954-706-144-5
_bиздат.: Коломбина прес
040 _aBLK
041 _aBUL
_cBUL
080 _aАмериканска литература (на САЩ)
_b821.111(73)
_x-31
_z821.111(73)-31
100 1 _aРайън, Джена
_eпърви автор
_9291599
700 1 _aГошева, Теофана
_eпрев. от англ.
_9271115
139 _aРайън, Джена
_bР 29
245 1 0 _aПосетителят
_cДжена Райън; прев. от англ. Теофана Гошева.
257 _aUSA
260 София
_bКоломбина прес
_c2006
_fСофия : Инвест прес
300 _a191 с.
_c20 см
380 _aX
490 1 _aMira
_v68
500 _aОриг. загл. The visitor / Jenna Ryan
852 _aЦб 229105
856 4 _qpdf
_u
856 4 _qpdf
_u
942 _cKNG
_n0
944 _aCR
_c19.09.2006
_kГеновева_Генчева
944 _aED
_c24.08.2007
_k
999 _c63743
_d63743